Husličky z javora

Podrobná bibliografia
Hlavný autor: Barč-Ivan, Július, 1909-1953 (Autor)
Ďalší autori: Buderna, Ladislav (Iluminátor)
Médium: Kniha
Jazyk:slovenčina
Fyzický popis:191, [2] s. 8°
Vydavateľské údaje: Bratislava Slovenský spisovateľ 1957
Edícia:Krídla zv. 2.

MARC

LEADER 00000nam a2200000 a 4500
001 vtls001168824
003 SK-MaSNL
005 20260301112112.0
008 240315s1957 xo 0 slo
035 |a SNK000111804 
040 |a SNK  |b slo  |c SNK  |e AACR2 
041 0 |a slo 
044 |a xo  |c SK 
080 |a 885.4-93-3  |2 1981 
100 1 |a Barč-Ivan, Július,  |d 1909-1953  |4 aut  |9 7072 
245 0 |a Husličky z javora  |c Július Barč-Ivan ; Ilustr. Ladislav Buderna 
260 |a Bratislava  |b Slovenský spisovateľ  |c 1957  |e Košice  |f Pravda 
300 |a 191, [2] s.  |c 8° 
490 0 |a Krídla  |v zv. 2. 
700 1 |a Buderna, Ladislav  |4 ilu  |9 452293 
958 |a OND 
958 |a RK 
999 |c 709461  |d 711391 
952 |a SNK  |b SNK  |y PREZ  |7 0  |p 17A0500622  |o snkSD 13097  |i snkKSP 1031/57  |0 0  |1 0  |4 0  |d 2006-03-16  |l 0  |r 2025-11-26 00:00:00  |w 2026-02-23 
952 |a SNK  |b SNK  |y VYP  |7 0  |p 17A0616424  |o snkSD 13097 D1  |i snkKSP 1032/57  |0 0  |1 0  |4 0  |d 2009-04-03  |l 0  |r 2026-02-23 21:27:25  |w 2026-02-23